01004nam a2200193 a 450000100100000000500170001000800410002704000250006824500800009324600770017326000630025030000200031350001150033304900090044895201200045795201050057795201110068299900170079300002755020200930030921.0110401s1982 dr 000 0 spa d aDO-SdBNPbspacBNPHU00aManual de capacitación sindical para dirigentes y activistas de la cut /.14aManual de capacitación sindical para dirigentes y activistas de la cut aSanto Domingo :bInstituto Laboral Mauricio Báez,c1982. a64 p. ;c21 cm. aRasgos históricos del movimiento sindical internacional y los orígenes del día internacional del trabajo aBNPD 001054708DSaGRbGRcCTd2011-04-28iLF1l0o p27550-30r2020-06-25te. 3w2020-06-25yLFDSZPréstamo en sala 0010718PDaPDbPDcCTd2011-04-01iLF1l0o p27550-10r2020-06-25w2020-06-25yLFPDZNo se presta 0010718PDaPDbPDcCTd2011-04-01iLF1l0o p27550-20r2020-06-25te. 2w2020-06-25yLFPDZNo se presta c27042d27042